<?xml version="1.0" encoding="UTF-8"?>
<record
    xmlns:xsi="http://www.w3.org/2001/XMLSchema-instance"
    xsi:schemaLocation="http://www.loc.gov/MARC21/slim http://www.loc.gov/standards/marcxml/schema/MARC21slim.xsd"
    xmlns="http://www.loc.gov/MARC21/slim">

  <leader>05706nam a2200457Ia 4500</leader>
  <controlfield tag="001">dia_5098</controlfield>
  <controlfield tag="003">CHAP</controlfield>
  <controlfield tag="005">20240906180346.0</controlfield>
  <controlfield tag="007">ta</controlfield>
  <controlfield tag="008">220117s2013    mx ad  frm    001 0 spa d</controlfield>
  <datafield tag="010" ind1=" " ind2=" ">
    <subfield code="a">175958</subfield>
  </datafield>
  <datafield tag="040" ind1=" " ind2=" ">
    <subfield code="c">CHAP</subfield>
    <subfield code="a">mxchpua</subfield>
    <subfield code="e">rda</subfield>
  </datafield>
  <datafield tag="041" ind1="0" ind2=" ">
    <subfield code="a">spa</subfield>
    <subfield code="b">eng</subfield>
  </datafield>
  <datafield tag="090" ind1=" " ind2=" ">
    <subfield code="a">Tesis </subfield>
    <subfield code="b">S66 </subfield>
    <subfield code="c">2013</subfield>
  </datafield>
  <datafield tag="100" ind1="1" ind2=" ">
    <subfield code="a">Solis Serrato, Amanda</subfield>
  </datafield>
  <datafield tag="245" ind1="1" ind2="0">
    <subfield code="a">Actividad de la polifenol oxidasa en l&#xED;neas endog&#xE1;micas recombinantes de frijol (Phaseolus vulgaris L.) /</subfield>
    <subfield code="c">Amanda Solis Serrato</subfield>
  </datafield>
  <datafield tag="264" ind1=" " ind2=" ">
    <subfield code="a">Chapingo, M&#xE9;xico :</subfield>
    <subfield code="b">El autor,</subfield>
    <subfield code="c">2013</subfield>
  </datafield>
  <datafield tag="300" ind1=" " ind2=" ">
    <subfield code="a">v, 56 hojas :</subfield>
    <subfield code="b">ilustraciones, gr&#xE1;ficas, tablas +</subfield>
    <subfield code="e">1 CD-ROM</subfield>
  </datafield>
  <datafield tag="336" ind1=" " ind2=" ">
    <subfield code="2">rdacontent</subfield>
    <subfield code="a">texto</subfield>
    <subfield code="b">txt</subfield>
  </datafield>
  <datafield tag="337" ind1=" " ind2=" ">
    <subfield code="2">rdamedia</subfield>
    <subfield code="a">no mediado</subfield>
    <subfield code="b">n</subfield>
  </datafield>
  <datafield tag="338" ind1=" " ind2=" ">
    <subfield code="2">rdacarrier</subfield>
    <subfield code="a">volumen</subfield>
    <subfield code="b">nc</subfield>
  </datafield>
  <datafield tag="500" ind1=" " ind2=" ">
    <subfield code="a">El CD contiene reporte</subfield>
  </datafield>
  <datafield tag="502" ind1=" " ind2=" ">
    <subfield code="a">Tesis </subfield>
    <subfield code="b">(Ingeniero Agroindustrial) -- </subfield>
    <subfield code="c">UACh. Departamento de Ingenier&#xED;a Agroindustrial, </subfield>
    <subfield code="d">2013</subfield>
  </datafield>
  <datafield tag="504" ind1=" " ind2=" ">
    <subfield code="a">Bibliograf&#xED;a: hojas 51-56</subfield>
  </datafield>
  <datafield tag="520" ind1="3" ind2=" ">
    <subfield code="a">El frijol com&#xFA;n (Phaseolus vulgaris L.) es un alimento de alto consumo en M&#xE9;xico, sobre todo en zonas rurales. Es una importante fuente de prote&#xED;na, hierro y calcio. Las caracter&#xED;sticas de calidad de este grano est&#xE1;n definidas por sus propiedades f&#xED;sicas y qu&#xED;micas, algunas de las cuales son afectadas durante su almacenamiento.  El objetivo de este trabajo fue determinar la propensi&#xF3;n al oscurecimiento de la testa por envejecimiento de 16 l&#xED;neas endog&#xE1;micas de frijol tipo azufrado y evaluar la influencia de la actividad de la polifenol oxidasa en el  oscurecimiento de los granos. Las l&#xED;neas endog&#xE1;micas de frijol azufrado empleadas en el presente estudio son parte del programa de mejoramiento de frijol del Campo Experimental Valle de M&#xE9;xico (CEVAMEX) perteneciente al Instituto Nacional de Investigaciones Forestales Agr&#xED;colas y Pecuarias (INIFAP). El trabajo se realiz&#xF3; en las instalaciones del Laboratorio de Calidad de Frijol, del INIFAP. Los materiales se dividieron en dos grupos, el grupo testigo constituido por granos reci&#xE9;n cosechados y el grupo envejecido, cuyo grano fue sometido a un envejecimiento acelerado durante cuatro semanas bajo condiciones de 40&#xB0;C de temperatura y humedad relativa del 75%. Se midi&#xF3; el peso y volumen de 100 granos; se determin&#xF3; el color empleando espectrofotometr&#xED;a de reflectancia. Asimismo se evalu&#xF3; la actividad de la enzima polifenol oxidasa.  El an&#xE1;lisis de varianza mostr&#xF3; la existencia de diferencias significativas (P&lt;0.001) en las caracter&#xED;sticas f&#xED;sicas de las 16 l&#xED;neas del grupo testigo, as&#xED; como tambi&#xE9;n en su actividad de polifenol oxidasa. Result&#xF3; evidente el oscurecimiento de los granos que se sometieron al envejecimiento artificial, as&#xED; como tambi&#xE9;n una disminuci&#xF3;n en la densidad del grano y un aumento de la actividad de polifenol oxidasa con respecto a los testigos. Existi&#xF3; una correlaci&#xF3;n altamente significativa (r= 0 .78**) entre la actividad de la polifenol oxidasa de las muestras testigo con la polifenol oxidasa de las envejecidas, as&#xED; como tambi&#xE9;n entre la polifenol oxidasa de los testigos con el grado de oscurecimiento que presentan los granos envejecidos (r= 0.56**).   --</subfield>
  </datafield>
  <datafield tag="520" ind1="3" ind2=" ">
    <subfield code="a">Common beans (Phaseolus vulgaris L.) are a highly consumed food in Mexico, especially in rural areas. It is an important source of protein, calcium and iron. The quality characteristics of the grain are defined by their physical and chemical properties, some of which are affected during storage. The objective of this study was to determine the susceptibility to darkening of the seed coat by aging of 16 inbred lines yellow-sulfur bean type, and to evaluate the influence of the activity of polyphenol oxidase in the darkening of the grains. The yellow-sulfur bean inbred lines used in this study are part of the bean breeding program of the Experimental Valle de Mexico (CEVAMEX) of to the National Institute for Forestry, Agriculture and Livestock (INIFAP). The work was performed in the Bean Quality Laboratory, INIFAP. The materials were divided in two groups; the control group, consisting of freshly harvested grain and the aged group, whose grain was subjected to accelerated aging for four weeks under conditions of 40 &#xB0;C temperature and 75% relative humidity. The weight and volume of 100 grains was measured; Color was determined using reflectance spectrophotometry. Also the activity of the enzyme polyphenol oxidase was evaluated. Analysis of variance showed significant differences (P &lt;0.001) in the physical characteristics of the 16 lines in the control group, as well as in the activity of polyphenol oxidase. It was evident the darkening of the grains were subjected to artificial aging, as well as a decrease in the grain density and an increased polyphenol oxidase activity compared to controls. There was a highly significant correlation (r = 0 .78 **) between the polyphenol oxidase activity of control samples with polyphenol oxidase of the aged group and between polyphenol oxidase of the control samples to the degree of darkness that have aged beans (r = 0.56 **).</subfield>
  </datafield>
  <datafield tag="650" ind1="1" ind2="3">
    <subfield code="a">Frijoles</subfield>
    <subfield code="x">Calidad del grano  </subfield>
    <subfield code="2">atg</subfield>
  </datafield>
  <datafield tag="650" ind1="1" ind2="3">
    <subfield code="a">Oxigenasas</subfield>
    <subfield code="x">Polifenoles</subfield>
    <subfield code="2">atg</subfield>
  </datafield>
  <datafield tag="650" ind1="1" ind2="3">
    <subfield code="a">Beans</subfield>
    <subfield code="x">Grain quality   </subfield>
    <subfield code="2">atg</subfield>
  </datafield>
  <datafield tag="650" ind1="1" ind2="3">
    <subfield code="a">Oxygenases</subfield>
    <subfield code="x">Polyphenols</subfield>
    <subfield code="2">atg</subfield>
  </datafield>
  <datafield tag="700" ind1="1" ind2=" ">
    <subfield code="a">Jacinto Hern&#xE1;ndez, Carmen</subfield>
    <subfield code="e">directora</subfield>
  </datafield>
  <datafield tag="700" ind1="1" ind2=" ">
    <subfield code="a">Buend&#xED;a Gonz&#xE1;lez, Mar&#xED;a Ofelia</subfield>
    <subfield code="e">asesora</subfield>
  </datafield>
  <datafield tag="700" ind1="1" ind2=" ">
    <subfield code="a">Su&#xE1;rez Espinosa, Carlos</subfield>
    <subfield code="e">asesor</subfield>
  </datafield>
  <datafield tag="856" ind1="4" ind2="1">
    <subfield code="u">http://10.13.5.2/tesis/sist109327.pdf</subfield>
    <subfield code="y">DESCARGAR PDF</subfield>
  </datafield>
  <datafield tag="901" ind1=" " ind2=" ">
    <subfield code="a">TESIS S66 2013</subfield>
  </datafield>
  <datafield tag="902" ind1=" " ind2=" ">
    <subfield code="a">M</subfield>
  </datafield>
  <datafield tag="905" ind1=" " ind2=" ">
    <subfield code="a">5232272013                          MX AMl 8223223322SPA16</subfield>
  </datafield>
  <datafield tag="942" ind1=" " ind2=" ">
    <subfield code="c">TESIS</subfield>
    <subfield code="2">Clasificaci&#xF3;n Universidad Aut&#xF3;noma Chapingo</subfield>
  </datafield>
  <datafield tag="999" ind1=" " ind2=" ">
    <subfield code="c">175958</subfield>
    <subfield code="d">175958</subfield>
  </datafield>
  <datafield tag="952" ind1=" " ind2=" ">
    <subfield code="0">0</subfield>
    <subfield code="1">0</subfield>
    <subfield code="2">local</subfield>
    <subfield code="4">0</subfield>
    <subfield code="5">5</subfield>
    <subfield code="7">0</subfield>
    <subfield code="8">TESIS</subfield>
    <subfield code="a">IA_</subfield>
    <subfield code="b">IA_</subfield>
    <subfield code="d">2022-01-18</subfield>
    <subfield code="e">El autor</subfield>
    <subfield code="l">1</subfield>
    <subfield code="o">Tesis S66 2013</subfield>
    <subfield code="p">1101007174</subfield>
    <subfield code="r">2024-09-17 15:18:35</subfield>
    <subfield code="s">2024-09-17</subfield>
    <subfield code="t">Ej. 4</subfield>
    <subfield code="w">2022-01-18</subfield>
    <subfield code="y">CD</subfield>
  </datafield>
  <datafield tag="952" ind1=" " ind2=" ">
    <subfield code="0">0</subfield>
    <subfield code="1">0</subfield>
    <subfield code="2">local</subfield>
    <subfield code="4">0</subfield>
    <subfield code="5">1</subfield>
    <subfield code="7">0</subfield>
    <subfield code="8">TESIS</subfield>
    <subfield code="a">IA_</subfield>
    <subfield code="b">IA_</subfield>
    <subfield code="d">2022-01-18</subfield>
    <subfield code="e">El autor</subfield>
    <subfield code="l">0</subfield>
    <subfield code="o">Tesis S66 2013</subfield>
    <subfield code="p">1101007172</subfield>
    <subfield code="r">2026-02-02 00:00:00</subfield>
    <subfield code="t">Ej. 1</subfield>
    <subfield code="w">2022-01-18</subfield>
    <subfield code="y">TESIS</subfield>
  </datafield>
  <datafield tag="952" ind1=" " ind2=" ">
    <subfield code="0">0</subfield>
    <subfield code="1">0</subfield>
    <subfield code="2">local</subfield>
    <subfield code="4">0</subfield>
    <subfield code="5">1</subfield>
    <subfield code="7">0</subfield>
    <subfield code="8">TESIS</subfield>
    <subfield code="a">IA_</subfield>
    <subfield code="b">IA_</subfield>
    <subfield code="d">2022-01-18</subfield>
    <subfield code="e">El autor</subfield>
    <subfield code="l">0</subfield>
    <subfield code="o">Tesis S66 2013</subfield>
    <subfield code="p">1101007173</subfield>
    <subfield code="r">2022-01-18 00:00:00</subfield>
    <subfield code="t">Ej. 3</subfield>
    <subfield code="w">2022-01-18</subfield>
    <subfield code="y">CD</subfield>
  </datafield>
  <datafield tag="952" ind1=" " ind2=" ">
    <subfield code="0">0</subfield>
    <subfield code="1">0</subfield>
    <subfield code="2">local</subfield>
    <subfield code="4">0</subfield>
    <subfield code="7">0</subfield>
    <subfield code="8">TesDigL</subfield>
    <subfield code="a">IA_</subfield>
    <subfield code="b">IA_</subfield>
    <subfield code="c">E_L</subfield>
    <subfield code="d">2024-09-06</subfield>
    <subfield code="e">El autor</subfield>
    <subfield code="l">0</subfield>
    <subfield code="p">1201007172</subfield>
    <subfield code="r">2024-09-06 19:05:31</subfield>
    <subfield code="w">2024-09-06</subfield>
    <subfield code="y">TD</subfield>
  </datafield>
  <datafield tag="952" ind1=" " ind2=" ">
    <subfield code="0">0</subfield>
    <subfield code="1">0</subfield>
    <subfield code="2">local</subfield>
    <subfield code="4">0</subfield>
    <subfield code="5">5</subfield>
    <subfield code="7">0</subfield>
    <subfield code="8">TESIS</subfield>
    <subfield code="a">IA_</subfield>
    <subfield code="b">IA_</subfield>
    <subfield code="d">2022-01-18</subfield>
    <subfield code="e">El autor</subfield>
    <subfield code="l">0</subfield>
    <subfield code="o">Tesis S66 2013</subfield>
    <subfield code="p">1101016374</subfield>
    <subfield code="r">2026-02-12 12:03:23</subfield>
    <subfield code="t">Ej. 2</subfield>
    <subfield code="w">2022-01-18</subfield>
    <subfield code="y">TESIS</subfield>
  </datafield>
</record>
